¿Puede un heavy ser calvo? (Registro nro. 186512)

Detalles MARC
000 -LEADER
campo de control de longitud fija 00660nam a2200205 i 4500
001 - NÚMERO DE CONTROL
campo de control 186512
003 - IDENTIFICADOR DE NÚMERO DE CONTROL
campo de control SpMaBN
005 - FECHA Y HORA DE LA ÚLTIMA TRANSACCIÓN
campo de control 20230906222702.0
008 - DATOS DE LONGITUD FIJA--INFORMACIÓN GENERAL
campo de control de longitud fija 161121s2004 sp f |||| | spa d
080 ## - NÚMERO DE LA CLASIFICACIÓN DECIMAL UNIVERSAL
Número de la Clasificación Decimal Universal 74 Pérez Agirregoikoa, Juan
100 1# - ENTRADA PRINCIPAL--NOMBRE DE PERSONA
Nombre de persona Pérez Agirregoikoa, Juan.
9 (RLIN) 161336
245 11 - MENCIÓN DEL TÍTULO
Título ¿Puede un heavy ser calvo?
Resto del título : lo pregunto moralmente /
Mención de responsabilidad, etc. Juan Pérez Agirregoikoa.
260 ## - PUBLICACIÓN, DISTRIBUCIÓN, ETC.
Lugar de publicación, distribución, etc. [Alcobendas (Madrid) :
Nombre del editor, distribuidor, etc. TF,
Fecha de publicación, distribución, etc. 2004]
300 ## - DESCRIPCIÓN FÍSICA
Extensión [136] p. de lám. col. ;
Dimensiones 23 cm.
490 1# - MENCIÓN DE SERIE
Mención de serie Arte sobre papel ;
Designación de volumen o secuencia 7
594 ## - Nota al título y mención de responsabilidad
Nota al título y mención de responsabilidad Tít. tomado de cub.
830 0# - PUNTO DE ACCESO ADICIONAL DE SERIE-TÍTULO UNIFORME
Título uniforme Arte sobre papel ;
Designación de volumen o secuencia 7
9 (RLIN) 192569
852 1# - LOCALIZACIÓN
Ubicación BA
Número de control de estantería L-30856
Existencias
Estatus retirado Estado de pérdida Estado de daño No para préstamo Biblioteca de origen Biblioteca actual Ubicación en estantería Fecha de adquisición Fuente de adquisición Total de préstamos Signatura topográfica completa Código de barras Visto por última vez Precio de reemplazo Tipo de ítem Koha
        Biblioteca del Ateneo de Madrid Biblioteca del Ateneo de Madrid Depósito 2 21/11/2016     L-30856 1196678 23/02/2023 23/02/2023 Libro impreso